000 00412nam a2200133Ia 4500
005 20251222143306.0
008 251222s9999||||xx |||||||||||||| ||spa||
020 _a978-612-45130-0-8
082 _a370.115/R75
100 _aRodríguez González, Yolanda
245 0 _aLa Formación de la Ciudadanía desde la Experiencia Escolar:
264 _bFondo Editorial Universidad Antonio Ruiz de Montoya
942 _cLIB
999 _c15536
_d15536